000 00573nam a22002057a 4500
005 20251108165953.0
008 250721s1995 xx 000 0 ara d
020 _a9770145998
082 1 4 _aط/ق
100 1 _aحامد، حسين
245 1 0 _aالعصفور الصغير /
264 _c1995.
300 _a16ص. : مص
490 0 _aيا أحبائي لكم أقوال
650 1 7 _aالقصص العربية
653 _a(سنوات 9-6) أطفال مرحلة متوسطة
700 1 _aعويس، فريدة
_eCart.
942 _2ddc
_cBK
999 _c36241
_d36241